[Event "CHN League Women 2019"]
[Site "Daqing CHN"]
[Date "2019.06.26"]
[Round "8.1"]
[Board "3"]
[White "Chu, Ruotong"]
[Black "Dai, Jiaying"]
[Result "1-0"]
[WhiteTitle "WIM"]
[WhiteElo "2204"]
[BlackElo "1599"]
[WhiteTeam "Tianjin"]
[BlackTeam "Shanghai"]
[WhiteFideId "8605653"]
[BlackFideId "8626081"]
[EventDate "2019.06.19"]
[EventType "team"]

1. d4 d5 2. c4 e6 3. Nf3 Nf6 4. g3 Be7 5. Bg2 O-O 6. Qc2 b6 7. cxd5 exd5 8. O-O
Bb7 9. Ne5 Na6 10. Nc6 Qd6 11. Nxe7+ Qxe7 12. Nc3 Ne4 13. Re1 c5 14. Be3 f5 15.
Rac1 Nxc3 16. Qxc3 Rac8 17. dxc5 Nxc5 18. Qa3 Ba8 19. Red1 Rfd8 20. h4 h6 21.
Rd2 Rc7 22. Rdc2 d4 23. Bxd4 Bxg2 24. Bxc5 Rxc5 25. Kxg2 Qe4+ 26. f3 Qe7 27. Re1
Rdc8 28. Rxc5 Rxc5 29. Qb3+ Kh8 30. Qd3 f4 31. Rd1 Rc8 32. Rd2 Re8 33. Qd4 fxg3
34. Kxg3 Qe6 35. b3 h5 36. Qf4 Qg6+ 37. Kf2 Qe6 38. Qg5 g6 39. e4 Qc6 40. Qd5
Qc7 41. Qd6 Qf7 42. Rc2 Re7 43. Rc8+ Kh7 44. Qd4 Qg7 45. Qxg7+ Kxg7 46. Ke3 Kf6
47. Rc6+ Kf7 48. Kf4 Kg7 49. e5 Kf7 50. Ke4 Kg7 51. f4 Kf7 52. f5 gxf5+ 53. Kxf5
Kg7 54. e6 Rb7 55. Rc8 Re7 56. Rd8 Kh6 57. Kf6 Rh7 58. e7 Rxe7 59. Kxe7 Kg6 60.
Ke6 Kg7 61. Rd7+ Kg6 62. Rxa7 b5 63. a4 bxa4 64. bxa4 Kh6 65. Rb7 Kg6 66. Rb5
Kh6 67. a5 Kg6 68. a6 Kh6 69. a7 Kg6 70. a8=Q Kh7 71. Rxh5+ Kg7 72. Rg5+ Kh7 73.
Qg8+ Kh6 74. Qg6# 1-0

[Event "CHN League Women 2019"]
[Site "Daqing CHN"]
[Date "2019.06.26"]
[Round "8.2"]
[Board "1"]
[White "Li, Yunshan"]
[Black "Shen, Yang"]
[Result "0-1"]
[WhiteTitle "WFM"]
[BlackTitle "IM"]
[WhiteElo "2264"]
[BlackElo "2419"]
[WhiteTeam "Chengdu"]
[BlackTeam "Jiangsu"]
[WhiteFideId "8607664"]
[BlackFideId "8603162"]
[EventDate "2019.06.19"]
[EventType "team"]

1. d4 d5 2. c4 c6 3. cxd5 cxd5 4. Bf4 Nc6 5. e3 e6 6. Nc3 Bd6 7. Bxd6 Qxd6 8. f4
Nge7 9. Bd3 Bd7 10. Nf3 f6 11. O-O O-O 12. Qc2 Kh8 13. a3 Be8 14. b4 Bg6 15.
Rae1 Rac8 16. Bxg6 Nxg6 17. Qd3 a5 18. b5 Nce7 19. Nb1 Qc7 20. Qd2 Qb6 21. Qb2
Nf5 22. Nbd2 Rc7 23. g4 Nd6 24. Rc1 Rfc8 25. a4 Ne7 26. Rxc7 Qxc7 27. Nb3 Qc3
28. Qxc3 Rxc3 29. Nxa5 Rxe3 30. Kf2 Ra3 31. Rc1 b6 32. Rc7 Ng6 33. Nd2 h5 34.
Nb7 Ne4+ 35. Nxe4 dxe4 36. gxh5 Nxf4 37. Rc2 e3+ 38. Kf3 e2+ 39. Kf2 Rf3+ 40.
Kxf3 e1=Q 41. Kxf4 e5+ 42. Kf3 Qd1+ 43. Re2 e4+ 0-1

[Event "CHN League Women 2019"]
[Site "Daqing CHN"]
[Date "2019.06.26"]
[Round "8.2"]
[Board "2"]
[White "Guo, Qi"]
[Black "Ren, Xiaoyi"]
[Result "1-0"]
[WhiteTitle "IM"]
[WhiteElo "2367"]
[BlackElo "2255"]
[WhiteTeam "Jiangsu"]
[BlackTeam "Chengdu"]
[WhiteFideId "8604002"]
[BlackFideId "8608709"]
[EventDate "2019.06.19"]
[EventType "team"]

1. d4 d5 2. c4 e6 3. Nc3 Nf6 4. Nf3 Be7 5. Bf4 O-O 6. a3 c5 7. dxc5 dxc4 8. e4
Qa5 9. Bxc4 Qxc5 10. Qe2 a6 11. b4 Qc6 12. Rc1 b5 13. Bd3 Qd7 14. O-O Bb7 15.
Nxb5 Nh5 16. Be5 f6 17. Rfd1 fxe5 18. Nxe5 Qe8 19. Nc7 Nf4 20. Qg4 Qh5 21. Qxh5
Nxh5 22. Bc4 Ra7 23. Nxe6 Rc8 24. Bb3 g6 25. g4 Nf6 26. g5 Ne8 27. f4 Nd6 28. f5
Rxc1 29. Rxc1 Bxe4 30. f6 Bf8 31. Rd1 Bf5 32. Nxf8+ Kxf8 33. Rxd6 1-0

[Event "CHN League Women 2019"]
[Site "Daqing CHN"]
[Date "2019.06.26"]
[Round "8.2"]
[Board "3"]
[White "Chen, Hongbei"]
[Black "Zhang, Xiao"]
[Result "0-1"]
[WhiteElo "1540"]
[BlackElo "2234"]
[WhiteTeam "Chengdu"]
[BlackTeam "Jiangsu"]
[WhiteFideId "8612722"]
[BlackFideId "8610894"]
[EventDate "2019.06.19"]
[EventType "team"]

1. e4 c6 2. d4 d5 3. Nd2 dxe4 4. Nxe4 Bf5 5. Ng3 Bg6 6. Nf3 Nd7 7. Bd3 Ngf6 8.
O-O e6 9. c3 Qc7 10. Re1 Be7 11. Qc2 O-O 12. Bxg6 hxg6 13. Bg5 Bd6 14. Ne4 Bf4
15. g3 Bxg5 16. Nexg5 c5 17. Rad1 Rad8 18. Ne4 cxd4 19. Nxd4 Nxe4 20. Qxe4 Qb6
21. Qc2 e5 22. Nf3 Qf6 23. Re3 Rfe8 24. Qe2 Qe6 25. Nxe5 Nxe5 26. Rxd8 Rxd8 27.
Rxe5 Qxa2 28. Re7 Qd5 29. Re8+ Rxe8 30. Qxe8+ Kh7 31. Qe2 a5 32. c4 Qd4 33. Qc2
Kh6 34. Kf1 Kg5 35. Kg2 Kf6 36. Kf3 Ke5 37. b3 Kd6 38. Qa2 b6 39. Qa3+ Qc5 40.
Qb2 f6 41. Qd2+ Kc6 42. g4 Qe5 43. h4 Kc5 44. Kg2 Qd4 45. Qe2 Kb4 46. Qe7+ Kxb3
47. Qxg7 Qxg4+ 0-1

[Event "CHN League Women 2019"]
[Site "Daqing CHN"]
[Date "2019.06.26"]
[Round "8.3"]
[Board "1"]
[White "Ning, Kaiyu"]
[Black "Gu, Tianlu"]
[Result "1-0"]
[WhiteTitle "WFM"]
[BlackTitle "WIM"]
[WhiteElo "2306"]
[BlackElo "2183"]
[WhiteTeam "Shandong"]
[BlackTeam "Hangzhou"]
[WhiteFideId "8614750"]
[BlackFideId "8603995"]
[EventDate "2019.06.19"]
[EventType "team"]

1. d4 Nf6 2. c4 e6 3. g3 d5 4. Bg2 dxc4 5. Nf3 c5 6. O-O Nc6 7. Ne5 Bd7 8. Nxd7
Qxd7 9. dxc5 Qxd1 10. Rxd1 Bxc5 11. Nc3 Rc8 12. Bg5 Be7 13. Rac1 O-O 14. Nb5 h6
15. Bxf6 Bxf6 16. Rxc4 Bxb2 17. Rb1 Be5 18. Bxc6 Rxc6 19. Rxc6 bxc6 20. Nxa7 c5
21. Nc6 Bc3 22. Kf1 Ra8 23. Rb8+ Rxb8 24. Nxb8 c4 25. e3 f6 26. Ke2 Kf7 27. Nd7
Ba5 28. Nc5 e5 29. Kd1 Bb4 30. Na4 Ba5 31. Nb2 c3 32. Nc4 Bb4 33. Kc2 Ke6 34. a3
Bc5 35. Kxc3 Kd5 36. a4 f5 37. a5 g5 38. Nb6+ Kc6 39. Kc4 f4 40. gxf4 exf4 41.
exf4 gxf4 42. f3 h5 43. h3 Bd6 44. Nd5 Be5 45. Nb4+ Kb7 46. a6+ 1-0

[Event "CHN League Women 2019"]
[Site "Daqing CHN"]
[Date "2019.06.26"]
[Round "8.3"]
[Board "2"]
[White "Zhou, Zirun"]
[Black "Yan, Tianqi"]
[Result "1-0"]
[WhiteElo "2141"]
[BlackElo "2036"]
[WhiteTeam "Hangzhou"]
[BlackTeam "Shandong"]
[WhiteFideId "8610975"]
[BlackFideId "8615250"]
[EventDate "2019.06.19"]
[EventType "team"]

1. d4 Nf6 2. c4 e6 3. Nc3 Bb4 4. e3 O-O 5. Nf3 b6 6. Bd3 Bb7 7. O-O d5 8. cxd5
exd5 9. a3 Bd6 10. b4 a6 11. Qb3 Nbd7 12. a4 c6 13. e4 dxe4 14. Nxe4 Nxe4 15.
Bxe4 h6 16. Bc2 Nf6 17. Ne5 Qc7 18. Qg3 Kh8 19. Bf4 Rad8 20. Qh4 Ng8 21. a5 bxa5
22. Rxa5 Qb6 23. Bg5 Bxe5 24. Bxd8 Bxh2+ 25. Qxh2 Rxd8 26. Qh5 Qc7 27. Qe5 Qxe5
28. dxe5 Ne7 29. Rd1 Nd5 30. Be4 Re8 31. Bxd5 cxd5 32. Rc5 Re7 33. Rdc1 d4 34.
Rc7 Rxc7 35. Rxc7 Bd5 36. Rd7 Be6 37. Rxd4 Kh7 38. Rd6 Bc4 39. f4 Kg8 40. f5 Kf8
41. Kf2 Ke7 42. g4 Bb5 43. f6+ gxf6 44. Rxf6 Bc4 45. Rxh6 Be6 46. g5 Kd7 47. g6
fxg6 48. Rxg6 Bc4 49. Ke3 Ke7 50. Kd4 Bb5 51. Kd5 Kf7 52. Rf6+ Ke7 53. Rh6 Be2
54. Rh7+ Ke8 55. Kd6 Bd3 56. Ra7 1-0

[Event "CHN League Women 2019"]
[Site "Daqing CHN"]
[Date "2019.06.26"]
[Round "8.3"]
[Board "3"]
[White "Wang, Xiyue"]
[Black "Zhao, Shengxin"]
[Result "0-1"]
[BlackTitle "WFM"]
[WhiteElo "1502"]
[BlackElo "2135"]
[WhiteTeam "Shandong"]
[BlackTeam "Hangzhou"]
[WhiteFideId "8627711"]
[BlackFideId "8608040"]
[EventDate "2019.06.19"]
[EventType "team"]

1. e4 c5 2. Nf3 d6 3. d4 cxd4 4. Nxd4 Nf6 5. f3 e5 6. Nb3 d5 7. exd5 Nxd5 8.
Bb5+ Nc6 9. Bxc6+ bxc6 10. O-O Be7 11. Re1 O-O 12. c4 Nb4 13. Na3 Nd3 14. Re2
Bf5 15. Be3 Nxb2 16. Rxb2 Bxa3 17. Rd2 Qf6 18. Bc5 Bxc5+ 19. Nxc5 Qe7 20. Nb3
Rfd8 21. Rxd8+ Rxd8 22. Qe1 f6 23. Rd1 Rxd1 24. Qxd1 Qd7 25. Qxd7 Bxd7 26. Kf2
Kf7 27. Ke3 Ke7 28. Nd2 Bf5 29. Nb3 Kd6 30. a3 Bc2 31. Nc1 f5 32. Kd2 Bb1 33.
Kc3 f4 34. g3 g5 35. Ne2 g4 36. gxf4 gxf3 37. fxe5+ Kxe5 38. Ng3 Kf4 39. Kd2 Ba2
40. c5 Bf7 41. Kd3 a5 42. Nf1 f2 43. Nd2 Bh5 44. Nf1 Kf3 45. Ne3 Bg6+ 46. Kd2
Bf5 47. h4 Bh3 48. h5 h6 0-1

[Event "CHN League Women 2019"]
[Site "Daqing CHN"]
[Date "2019.06.26"]
[Round "8.4"]
[Board "1"]
[White "Kuang, Yinghui"]
[Black "Zhou, Guijue"]
[Result "1/2-1/2"]
[WhiteTitle "WIM"]
[BlackTitle "WIM"]
[WhiteElo "2200"]
[BlackElo "2171"]
[WhiteTeam "Shenzhen"]
[BlackTeam "Hunan"]
[WhiteFideId "8600988"]
[BlackFideId "8602905"]
[EventDate "2019.06.19"]
[EventType "team"]

1. e4 e5 2. Nf3 Nf6 3. Nxe5 d6 4. Nf3 Nxe4 5. Nc3 Nxc3 6. dxc3 Be7 7. Be3 O-O 8.
Qd2 Nd7 9. Bd3 c6 10. O-O-O d5 11. h4 Re8 12. Kb1 Bc5 13. Bd4 Bxd4 14. cxd4 Nf6
15. Qf4 Ne4 16. Ne5 Qf6 17. Qxf6 Nxf6 18. Rde1 Kf8 19. c3 Ng4 20. Nxg4 Bxg4 21.
Kc1 h6 22. f3 Bd7 23. Kd2 Rxe1 24. Rxe1 Re8 25. Rxe8+ Kxe8 26. b4 g5 27. hxg5
hxg5 28. Bc2 Be6 29. Bd3 Bd7 30. Bc2 Be6 31. Bd3 1/2-1/2

[Event "CHN League Women 2019"]
[Site "Daqing CHN"]
[Date "2019.06.26"]
[Round "8.4"]
[Board "2"]
[White "Yu, Moqi"]
[Black "Xu, Tong"]
[Result "1/2-1/2"]
[BlackTitle "WIM"]
[WhiteElo "2078"]
[BlackElo "2131"]
[WhiteTeam "Hunan"]
[BlackTeam "Shenzhen"]
[WhiteFideId "8604533"]
[BlackFideId "8601739"]
[EventDate "2019.06.19"]
[EventType "team"]

1. e4 c5 2. c3 d5 3. exd5 Qxd5 4. d4 Nc6 5. Nf3 Nf6 6. Be2 e6 7. O-O Be7 8. Na3
a6 9. Nc4 Qd8 10. dxc5 Bxc5 11. Qxd8+ Kxd8 12. b4 Ba7 13. Bg5 Ke7 14. a4 h6 15.
Bh4 g5 16. Bg3 Ne4 17. Rac1 f6 18. Bc7 Bd7 19. Nb6 Bxb6 20. Bxb6 e5 21. Bd3 Bf5
22. Rfe1 Nd6 23. Bf1 Ne4 24. Bd3 Nd6 25. Bf1 Ne4 26. Bd3 1/2-1/2

[Event "CHN League Women 2019"]
[Site "Daqing CHN"]
[Date "2019.06.26"]
[Round "8.5"]
[Board "1"]
[White "Bai, Xue"]
[Black "Zhai, Mo"]
[Result "0-1"]
[BlackTitle "WGM"]
[WhiteElo "2093"]
[BlackElo "2358"]
[WhiteTeam "Zhejiang"]
[BlackTeam "Hebei"]
[WhiteFideId "8608717"]
[BlackFideId "8600201"]
[EventDate "2019.06.19"]
[EventType "team"]

1. e4 e5 2. Nf3 Nc6 3. Bb5 Nf6 4. O-O Bc5 5. d3 d6 6. c3 O-O 7. Be3 Bb6 8. Nbd2
Ne7 9. Re1 c6 10. Ba4 Ng4 11. Nf1 Nxe3 12. Nxe3 f5 13. Bb3+ Kh8 14. d4 exd4 15.
cxd4 fxe4 16. Ng5 Qe8 17. Nxe4 Qg6 18. Nc4 Bc7 19. Ng3 Nd5 20. Bc2 Qh6 21. Qh5
Qxh5 22. Nxh5 Bd7 23. Ng3 Rae8 24. Rxe8 Rxe8 25. Nf5 Nb4 26. Nfe3 d5 27. Na3 Bb6
28. Rd1 Nxa2 29. Bb1 Nb4 30. h3 Rf8 31. g3 Bxh3 32. Kh2 Bd7 33. Kg2 c5 0-1

[Event "CHN League Women 2019"]
[Site "Daqing CHN"]
[Date "2019.06.26"]
[Round "8.5"]
[Board "2"]
[White "Yang, Yijing"]
[Black "Huang, Mofei"]
[Result "0-1"]
[WhiteTitle "WCM"]
[WhiteElo "2135"]
[BlackElo "1993"]
[WhiteTeam "Hebei"]
[BlackTeam "Zhejiang"]
[WhiteFideId "8608601"]
[BlackFideId "8609535"]
[EventDate "2019.06.19"]
[EventType "team"]

1. d4 d5 2. c4 c6 3. Nf3 Nf6 4. Nc3 dxc4 5. a4 Bf5 6. Ne5 Nbd7 7. Nxc4 Nb6 8.
Ne5 a5 9. h4 e6 10. f3 h6 11. e4 Bh7 12. Be3 Be7 13. Qb3 Nfd7 14. O-O-O O-O 15.
g3 Qc7 16. Bh3 Kh8 17. f4 Nxe5 18. dxe5 Nd7 19. Qc2 Rac8 20. g4 b5 21. g5 Nc5
22. gxh6 Rg8 23. Bg2 gxh6 24. Rdg1 b4 25. Nb1 Nd7 26. Nd2 Nb6 27. Nc4 c5 28. b3
Nxc4 29. Qxc4 Rg3 30. Rh3 Rcg8 31. Rxg3 Rxg3 32. Qe2 c4 33. bxc4 Rxe3 34. Qxe3
Bc5 35. Qe1 Bxg1 36. Qxg1 Qxc4+ 37. Kd2 Bxe4 38. Bxe4 Qxe4 39. Qg3 Qd5+ 40. Kc2
Qa2+ 41. Kc1 Qa1+ 42. Kd2 Qxa4 43. Qd3 Qa2+ 44. Kc1 Qd5 45. Qa6 Qc5+ 46. Kb1
Qg1+ 47. Kc2 Qf2+ 48. Kb3 Qf3+ 49. Kb2 Qf2+ 50. Kb3 Qe3+ 51. Kb2 Qd2+ 52. Kb1 b3 0-1

[Event "CHN League Women 2019"]
[Site "Daqing CHN"]
[Date "2019.06.26"]
[Round "8.6"]
[Board "1"]
[White "Zhou, Jingyi"]
[Black "Song, Yuxin"]
[Result "1-0"]
[BlackTitle "WIM"]
[WhiteElo "1630"]
[BlackElo "2308"]
[WhiteTeam "Chongqing"]
[BlackTeam "Beijing"]
[WhiteFideId "8615322"]
[BlackFideId "8614300"]
[EventDate "2019.06.19"]
[EventType "team"]

1. e4 e5 2. Nf3 Nc6 3. Bc4 Bc5 4. c3 Nf6 5. d3 d6 6. O-O a5 7. h3 O-O 8. Bg5 h6
9. Bh4 g5 10. Bg3 Kg7 11. Re1 Bb6 12. d4 exd4 13. Nxd4 Nxd4 14. cxd4 Nxe4 15.
Rxe4 d5 16. Bxd5 Qxd5 17. Nc3 Qd8 18. d5 Bf5 19. Re1 Qd7 20. Na4 Ba7 21. Rc1
Rac8 22. Qb3 Rfd8 23. Red1 b6 24. Rc6 Be6 25. Be5+ Kh7 26. Qf3 Bf5 27. Nc3 Rg8
28. g4 Bg6 29. Qf6 Bb8 30. Ne4 Qe8 31. Qh8+ Rxh8 32. Nf6+ Kg7 33. Nxe8+ Kg8 34.
Nf6+ Kg7 35. Nd7+ Kh7 36. Bxh8 Kxh8 37. Nxb8 Rxb8 38. Rxc7 Kg7 39. d6 Rd8 40. d7
Kf8 41. Re1 Kg7 42. Re8 Rxd7 43. Rxd7 1-0

[Event "CHN League Women 2019"]
[Site "Daqing CHN"]
[Date "2019.06.26"]
[Round "8.6"]
[Board "2"]
[White "Liu, Xianglin"]
[Black "Huang, Qianyi"]
[Result "1/2-1/2"]
[WhiteElo "2188"]
[BlackElo "1298"]
[WhiteTeam "Beijing"]
[BlackTeam "Chongqing"]
[WhiteFideId "8602409"]
[BlackFideId "8625999"]
[EventDate "2019.06.19"]
[EventType "team"]

1. d4 d5 2. c4 c6 3. Nf3 Nf6 4. g3 e6 5. Bg2 Be7 6. O-O O-O 7. Nbd2 b6 8. Qc2
Bb7 9. Rd1 Na6 10. e4 c5 11. e5 Nd7 12. cxd5 Nb4 13. Qb1 Nxd5 14. Ne4 h6 15. Nc3
cxd4 16. Nxd5 Bxd5 17. Rxd4 Bc5 18. Rd1 Qc7 19. Bf4 Rac8 20. Rxd5 exd5 21. e6
Bxf2+ 22. Kxf2 Qc5+ 23. Be3 Qc2+ 24. Qxc2 Rxc2+ 25. Kg1 fxe6 26. Nd4 Rxb2 27.
Bh3 Nc5 28. Nxe6 Re8 29. Bxc5 bxc5 30. Nxc5 Kh8 31. Bf1 Rc8 32. Nd3 Rd2 33. a4
Rcc2 34. h4 Rc3 35. Nf4 Rxg3+ 36. Ng2 d4 37. a5 d3 38. a6 Rc2 39. Rd1 d2 40. Kf2
Rg6 41. Bd3 Rf6+ 42. Ke2 Ra2 43. Ne3 Rf4 44. Ng2 Rf6 45. Ne3 Rf4 46. Ng2 Rf6 47.
h5 Re6+ 48. Ne3 Re5 49. Rxd2 Rxd2+ 50. Kxd2 Rxh5 51. Nc4 Rd5 52. Ke3 g5 53. Be4
Rc5 54. Kd4 Rc7 55. Ne5 Kg7 56. Bb7 Kf6 57. Nc6 Rxc6 58. Bxc6 Ke6 59. Ke4 Kd6
60. Bb5 g4 61. Be2 h5 62. Kf4 1/2-1/2

[Event "CHN League Women 2019"]
[Site "Daqing CHN"]
[Date "2019.06.26"]
[Round "8.7"]
[Board "1"]
[White "Hu, Yu A."]
[Black "Li, Xinyang"]
[Result "1-0"]
[WhiteElo "2073"]
[BlackElo "1400"]
[WhiteTeam "Heilongjiang"]
[BlackTeam "Qingdao"]
[WhiteFideId "8609993"]
[BlackFideId "8622477"]
[EventDate "2019.06.19"]
[EventType "team"]

1. e4 c5 2. Nf3 Nc6 3. Bb5 d6 4. Bxc6+ bxc6 5. O-O e5 6. c3 Bg4 7. h3 Bh5 8. Re1
Nf6 9. d4 Bxf3 10. Qxf3 cxd4 11. cxd4 Be7 12. dxe5 dxe5 13. Qc3 Qc7 14. Nd2 O-O
15. Nc4 Bd6 16. Bg5 Nd7 17. Rac1 a5 18. Nxd6 Qxd6 19. Red1 Qe6 20. Qxc6 Nf6 21.
Rd6 Qxa2 22. Bxf6 gxf6 23. Qc3 Rac8 24. Qg3+ Kh8 25. Rcd1 Rg8 26. Qh4 Rg6 27.
Rxf6 Kg7 28. Rf5 Qe6 29. Rd5 Re8 30. Qh5 Rh6 31. Qd1 Rg6 32. Rxa5 Rf6 33. Raxe5
Qxe5 34. Rxe5 Rxe5 35. Qd4 Rb5 36. f4 Rb6 37. e5 Rfc6 38. e6+ f6 39. Qd7+ Kh6
40. e7 f5 41. e8=Q 1-0

[Event "CHN League Women 2019"]
[Site "Daqing CHN"]
[Date "2019.06.27"]
[Round "9.1"]
[Board "1"]
[White "Zhou, Guijue"]
[Black "Ni, Shiqun"]
[Result "1/2-1/2"]
[WhiteTitle "WIM"]
[BlackTitle "WGM"]
[WhiteElo "2171"]
[BlackElo "2416"]
[WhiteTeam "Hunan"]
[BlackTeam "Shanghai"]
[WhiteFideId "8602905"]
[BlackFideId "8608466"]
[EventDate "2019.06.19"]
[EventType "team"]

1. e4 e5 2. Nf3 Nf6 3. Nxe5 d6 4. Nf3 Nxe4 5. Nc3 Nxc3 6. dxc3 Be7 7. Be3 Nc6 8.
Qd2 Be6 9. O-O-O Qd7 10. Ng5 Bxg5 11. Bxg5 f6 12. Be3 O-O-O 13. Be2 Bg4 14. f3
Bh5 15. Bb5 a6 16. Ba4 Rhe8 17. Rhe1 Bf7 18. h4 Re7 19. Qd3 Rde8 20. Bf2 Rxe1
21. Rxe1 Rxe1+ 22. Bxe1 Qe6 23. Kd1 Bg6 24. Bb3 Qe5 25. Qc4 Ne7 26. Qe6+ Kd8 27.
Qxe5 dxe5 28. Bc4 Kd7 29. Bf2 Bf5 30. Kd2 Be6 31. Bd3 h5 32. a4 Bf5 33. Bc4 Be6
34. Bd3 Bf5 35. Bc4 Be6 1/2-1/2

[Event "CHN League Women 2019"]
[Site "Daqing CHN"]
[Date "2019.06.27"]
[Round "9.1"]
[Board "2"]
[White "Zhang, Xiaowen"]
[Black "Yu, Moqi"]
[Result "1-0"]
[WhiteTitle "WGM"]
[WhiteElo "2314"]
[BlackElo "2078"]
[WhiteTeam "Shanghai"]
[BlackTeam "Hunan"]
[WhiteFideId "8603219"]
[BlackFideId "8604533"]
[EventDate "2019.06.19"]
[EventType "team"]

1. e4 c5 2. Nf3 d6 3. d4 cxd4 4. Nxd4 Nf6 5. Nc3 a6 6. h3 g6 7. Be3 Bg7 8. Be2
Nc6 9. O-O O-O 10. a4 Bd7 11. Qd2 Rc8 12. f4 Nxd4 13. Bxd4 e5 14. Be3 Rxc3 15.
Qxc3 Nxe4 16. Qb3 Be6 17. Qxb7 Ng3 18. Rfe1 exf4 19. Bxf4 Bd4+ 20. Kh2 Nf5 21.
c3 Qh4 22. Qf3 Qxf4+ 23. Qxf4 Be5 24. Qxe5 dxe5 25. Bxa6 1-0

[Event "CHN League Women 2019"]
[Site "Daqing CHN"]
[Date "2019.06.27"]
[Round "9.1"]
[Board "3"]
[White "Hong, Xing"]
[Black "Dai, Jiaying"]
[Result "1/2-1/2"]
[WhiteElo "1986"]
[BlackElo "1599"]
[WhiteTeam "Hunan"]
[BlackTeam "Shanghai"]
[WhiteFideId "8606129"]
[BlackFideId "8626081"]
[EventDate "2019.06.19"]
[EventType "team"]

1. e4 e5 2. Nf3 Nc6 3. Bb5 a6 4. Ba4 Nf6 5. O-O Be7 6. Re1 b5 7. Bb3 d6 8. c3
O-O 9. h3 Na5 10. Bc2 c5 11. d4 Nd7 12. Nbd2 exd4 13. cxd4 Nc6 14. d5 Nce5 15.
Nxe5 Nxe5 16. f4 Ng6 17. Nf3 Bh4 18. Nxh4 Qxh4 19. Rf1 Bxh3 20. gxh3 Qg3+ 21.
Kh1 Qxh3+ 22. Kg1 Qg3+ 23. Kh1 Qh3+ 24. Kg1 Qg3+ 25. Kh1 Qh3+ 1/2-1/2

[Event "CHN League Women 2019"]
[Site "Daqing CHN"]
[Date "2019.06.27"]
[Round "9.2"]
[Board "1"]
[White "Gu, Tianlu"]
[Black "Xiao, Yiyi"]
[Result "1/2-1/2"]
[WhiteTitle "WIM"]
[BlackTitle "WFM"]
[WhiteElo "2183"]
[BlackElo "2356"]
[WhiteTeam "Hangzhou"]
[BlackTeam "Tianjin"]
[WhiteFideId "8603995"]
[BlackFideId "8606161"]
[EventDate "2019.06.19"]
[EventType "team"]

1. e4 e5 2. Nf3 Nc6 3. Nc3 Nf6 4. d4 exd4 5. Nxd4 Bb4 6. Nxc6 bxc6 7. Bd3 O-O 8.
O-O d5 9. exd5 cxd5 10. Bg5 c6 11. Qf3 Bd6 12. Ne2 Bg4 13. Bxf6 Bxf3 14. Bxd8
Bxe2 15. Bxe2 Raxd8 16. Rfe1 Rb8 17. Rab1 Rfe8 18. h3 Kf8 19. Kf1 Re7 20. c3
Rbe8 21. Bf3 Rxe1+ 22. Rxe1 Rxe1+ 23. Kxe1 Ke7 24. c4 dxc4 25. Bxc6 Be5 26. Bd5
Bxb2 27. Bxc4 Bc3+ 28. Ke2 Bd4 29. f3 Bb6 30. Bb3 Bd4 31. Bc4 Bb6 32. Bb3 Bd4
33. Bc4 1/2-1/2

[Event "CHN League Women 2019"]
[Site "Daqing CHN"]
[Date "2019.06.27"]
[Round "9.2"]
[Board "2"]
[White "Ning, Chunhong"]
[Black "Zhou, Zirun"]
[Result "1/2-1/2"]
[WhiteTitle "WGM"]
[WhiteElo "2280"]
[BlackElo "2141"]
[WhiteTeam "Tianjin"]
[BlackTeam "Hangzhou"]
[WhiteFideId "8600376"]
[BlackFideId "8610975"]
[EventDate "2019.06.19"]
[EventType "team"]

1. e4 e5 2. Nf3 Nf6 3. Nc3 Nc6 4. d4 exd4 5. Nxd4 Bb4 6. Nxc6 bxc6 7. Bd3 O-O 8.
O-O d5 9. exd5 cxd5 10. Bg5 c6 11. Ne2 Bg4 12. h3 Bd7 13. c3 Be7 14. Nd4 Ne8 15.
Bxe7 Qxe7 16. Bf5 Bxf5 17. Nxf5 Qf6 18. Qc2 Nd6 19. Nxd6 Qxd6 20. Rae1 Rfe8 21.
Re2 Rxe2 22. Qxe2 Qe6 23. Qxe6 fxe6 24. Re1 Kf7 25. f4 Rb8 26. Re2 a5 27. Kf2 c5
28. Kf3 Kf6 29. g4 g6 30. Rd2 h6 1/2-1/2

[Event "CHN League Women 2019"]
[Site "Daqing CHN"]
[Date "2019.06.27"]
[Round "9.2"]
[Board "3"]
[White "Zhao, Shengxin"]
[Black "Chu, Ruotong"]
[Result "1/2-1/2"]
[WhiteTitle "WFM"]
[BlackTitle "WIM"]
[WhiteElo "2135"]
[BlackElo "2204"]
[WhiteTeam "Hangzhou"]
[BlackTeam "Tianjin"]
[WhiteFideId "8608040"]
[BlackFideId "8605653"]
[EventDate "2019.06.19"]
[EventType "team"]

1. d4 d5 2. c4 dxc4 3. Nf3 Nf6 4. e3 e6 5. Bxc4 a6 6. O-O c5 7. dxc5 Qxd1 8.
Rxd1 Bxc5 9. Nbd2 b6 10. Nb3 Be7 11. Bd2 Bb7 12. Rac1 Nc6 13. Nbd4 Nxd4 14. Nxd4
Rc8 15. Be2 O-O 16. Bf3 Bxf3 17. Nxf3 Rfd8 18. Rxc8 Rxc8 19. Rc1 Rxc1+ 20. Bxc1
Bd6 21. Kf1 Kf8 22. Ke2 Ke7 23. b3 Nd5 24. Bb2 f6 25. a3 e5 26. g3 Ke6 27. e4
Ne7 28. Kd3 Bc5 29. Ke2 Bd6 30. Kd3 Bc5 31. Ke2 Bd6 32. Kd3 Bc5 1/2-1/2

[Event "CHN League Women 2019"]
[Site "Daqing CHN"]
[Date "2019.06.27"]
[Round "9.3"]
[Board "1"]
[White "Shen, Yang"]
[Black "Kuang, Yinghui"]
[Result "1-0"]
[WhiteTitle "IM"]
[BlackTitle "WIM"]
[WhiteElo "2419"]
[BlackElo "2200"]
[WhiteTeam "Jiangsu"]
[BlackTeam "Shenzhen"]
[WhiteFideId "8603162"]
[BlackFideId "8600988"]
[EventDate "2019.06.19"]
[EventType "team"]

1. d4 Nf6 2. c4 e6 3. Nc3 Bb4 4. Qc2 O-O 5. a3 Bxc3+ 6. Qxc3 d6 7. f3 Re8 8. e4
e5 9. Be3 exd4 10. Qxd4 Nc6 11. Qc3 Qe7 12. O-O-O a5 13. Ne2 Bd7 14. Nf4 a4 15.
Bd3 Qe5 16. Ne2 Qxc3+ 17. Nxc3 Ne5 18. Be2 Be6 19. Nd5 Nxd5 20. cxd5 Bd7 21. Rd4
f5 22. Kd2 fxe4 23. fxe4 Ra5 24. Rb4 b6 25. h3 Re7 26. Rc1 Be8 27. Bg5 Rf7 28.
Ke3 Rc5 29. Rc3 h6 30. Bf4 Re7 31. Bd1 Ng6 32. Bxa4 Bf7 33. Bb3 Rxc3+ 34. bxc3
Nf8 35. Kd3 Nd7 36. Bc2 Bg6 37. Bb1 Kh7 38. Bg3 Rf7 39. Ke2 Re7 40. Bf2 Re8 41.
Rc4 Nf6 42. Rxc7 Nxd5 43. Rc6 Bxe4 44. Bxe4+ Rxe4+ 45. Kd3 Ra4 46. Bd4 Rxa3 47.
Rxd6 Nf4+ 48. Kc4 Ra4+ 49. Kb3 Ra5 50. Bxb6 Rg5 1-0